000 00432nam a2200169Ia 4500
005 20250421100746.0
008 231217s9999 xx 000 0 und d
020 _a9788120314634
082 _a332.6453 HUL1;2 R1
100 _aHull, John C.
245 0 _aIntroduction to futures and options markets
250 _a2nd ed.
260 _c1995
_bPHI
_aNew Delhi
300 _axv, 444
650 _afutures,markets
942 _cAA
999 _c190093
_d190093